Statistics for African Geography By Letter N - Picture Quiz

Click here to take the quiz!

General Stats

  • This quiz has been taken 181 times
  • The average score is 7 of 18

Answer Stats

Answer% Correct
Nigeria
94%
Nairobi
89%
Namib
87%
Nile
84%
N'Djamena
55%
Nouakchott
53%
Nubia
53%
Nyasa
33%
Northern Cape
29%
Naira
23%
Northern Sotho
23%
Lake {Nasser}
19%
Nakfa
17%
Nyala
13%
{Nyama} Choma
7%
{Nguni} shield
6%
Noddy
6%
{Nimba} County
5%

Score Distribution

Percentile by Number Answered

Percent of People with Each Score

Your Score History

You have not taken this quiz